El padrenuestro desde Guatemala y otros poemas /
Na minha lista:
| Autor principal: | |
|---|---|
| Formato: | Desconhecido |
| Idioma: | Spanish |
| Publicado em: |
San José, Costa Rica :
Departamento Ecuménico de Investigaciones,
1981.
|
| Assuntos: | |
| Tags: |
Adicionar Tag
Sem tags, seja o primeiro a adicionar uma tag!
|
MARC
| LEADER | 000000000a22000000004500 | ||
|---|---|---|---|
| 001 | 002078 | ||
| 008 | 191126b xxu||||| |||| 00| 0 spa d | ||
| 041 | 0 | |a español | |
| 082 | |a G861.44 |b E77n | ||
| 100 | 1 | |a Esquivel, Julia | |
| 245 | 1 | 3 | |a El padrenuestro desde Guatemala y otros poemas / |c Julia Esquivel. |
| 260 | 1 | |a San José, Costa Rica : |b Departamento Ecuménico de Investigaciones, |c 1981. | |
| 300 | |a 58 páginas : |b ilustraciones, | ||
| 650 | 4 | |a LITERATURA GUATEMALTECA |9 46 | |
| 650 | 4 | |a POESIA |9 159 | |
| 942 | |2 ddc |c BK | ||
| 999 | |c 2952 |d 2952 | ||
